| 000 | 00871nam a2200193 i 4500 | ||
|---|---|---|---|
| 001 | 152293 | ||
| 003 | ES-MaACL | ||
| 005 | 20230906204627.0 | ||
| 008 | 931025s1861 sp |||| | spa d | ||
| 080 | _a614.253 | ||
| 100 | 1 |
_aBofill y Nonell, Simón. _929789 |
|
| 245 | 1 | 0 | _aDiscurso leído ante el claustro de la Universidad Central. |
| 260 |
_aMadrid : _b[s.n.], _c1861 ( _fImp. de Don Zacarías Soler) |
||
| 300 |
_a16 p. ; _c24 cm. |
||
| 500 | _aTesis Universidad Central. | ||
| 505 | 8 | _aTema : Deberes que el médico tiene contraidos con la humanidad | |
| 650 | 4 |
_aMédicos- _xMoral profesional. _914942 |
|
| 852 | 4 |
_aES-MaACL _jT-668-F-9 _z-- Enc. hol., falto de la cub. original _z-- An. ms.: ded. de Gustavo Sáenz Díez a la Biblioteca de los Escolares Médicos _z-- Enc. en un vol. facticio _x-- Edic.: añadir mención de resp. "/ por Simón Bofill y Nonell" |
|
| 999 |
_c152293 _d152293 |
||